000 00682nam a2200265Ia 4500
008 181129s9999 xx 000 0 und d
020 _a9780440400660
050 _bD366 2007
100 _aDelton, Judy
245 0 _aPeanut-butter pilgrims /
245 0 _cby Judy Delton ; illustrated by Alan Tiegreen.
260 _aNew York, NY :
260 _bScholastic,
260 _c2007
300 _a75 pages :
300 _billustrations ;
300 _c19cm.
650 _aScouting (Youth activity).
650 _aScouts (Reconnaissance.
650 _aThanksgiving Day.
650 _aTheater.
650 _aTurkeys.
700 _aTiegreen, Alan.
700 _aTitle.
999 _c360291
_d360291